A clan in need : (Record no. 86862)
[ view plain ]
| 000 -LEADER | |
|---|---|
| fixed length control field | 01061cam a22003137a 4500 |
| 001 - CONTROL NUMBER | |
| control field | 15600034 |
| 005 - DATE AND TIME OF LATEST TRANSACTION | |
| control field | 20241220133026.0 |
| 008 - FIXED-LENGTH DATA ELEMENTS--GENERAL INFORMATION | |
| fixed length control field | 090122s2010 nyu 000 0 eng |
| 010 ## - LIBRARY OF CONGRESS CONTROL NUMBER | |
| LC control number | 2009921414 |
| 020 ## - INTERNATIONAL STANDARD BOOK NUMBER | |
| International Standard Book Number | 9780061688669 (pbk. bdg.) |
| 040 ## - CATALOGING SOURCE | |
| Original cataloging agency | DLC |
| Transcribing agency | DLC |
| Modifying agency | DLC |
| Description conventions | rda |
| 050 00 - LIBRARY OF CONGRESS CALL NUMBER | |
| Classification number | MLCS 2012/41021 (P) |
| 092 ## - LOCALLY ASSIGNED DEWEY CALL NUMBER (OCLC) | |
| Classification number | HUNTER |
| 100 1# - MAIN ENTRY--PERSONAL NAME | |
| Personal name | Hunter, Erin. |
| 9 (RLIN) | 6241305 |
| 245 12 - TITLE STATEMENT | |
| Title | A clan in need : |
| Remainder of title | Ravenpaw's path, book two / |
| Statement of responsibility, etc | created by Erin Hunter, written by Dan Jolley ; art by James L. Barry. |
| 250 ## - EDITION STATEMENT | |
| Edition statement | 1st ed. |
| 260 ## - PUBLICATION, DISTRIBUTION, ETC. (IMPRINT) | |
| Place of publication, distribution, etc | Los Angeles : |
| Name of publisher, distributor, etc | Tokyopop, |
| Date of publication, distribution, etc | c2010. |
| 264 ## - Production, Publication, Distribution, Manufacture, and Copyright Notice. | |
| Place of production, publication, distribution, manufacture | Los Angeles : |
| Name of producer, publisher, distributor, manufacturer | Tokyopop, |
| Date of production, publication, distribution, manufacture, or copyr | c2010. |
| 300 ## - PHYSICAL DESCRIPTION | |
| Extent | 92, 6 p. : |
| Other physical details | ill. ; |
| Dimensions | 19 cm. |
| 336 ## - Content Type | |
| Content type term | book |
| 337 ## - Media type | |
| Media type term | book |
| 338 ## - Carrier type | |
| Carrier type term | book |
| 490 0# - SERIES STATEMENT | |
| Series statement | Warriors : Ravenpaw's path ; |
| Volume number/sequential designation | #2 |
| 700 1# - ADDED ENTRY--PERSONAL NAME | |
| Personal name | Jolley, Dan. |
| 9 (RLIN) | 57642 |
| 700 1# - ADDED ENTRY--PERSONAL NAME | |
| Personal name | Barry, James L., |
| Dates associated with a name | 1979- |
| Relator term | ill. |
| 9 (RLIN) | 5730851 |
| 906 ## - LOCAL DATA ELEMENT F, LDF (RLIN) | |
| a | 7 |
| b | cbc |
| c | orignew |
| d | 4 |
| e | ncip |
| f | 20 |
| g | y-gencatlg |
| 942 ## - ADDED ENTRY ELEMENTS (KOHA) | |
| Koha item type | BOOK |
| Source of classification or shelving scheme | Dewey Decimal Classification |
| Withdrawn status | Lost status | Source of classification or shelving scheme | Damaged status | Not for loan | Collection code | Home library | Current library | Shelving location | Date acquired | Source of acquisition | Serial Enumeration / chronology | Total Checkouts | Total Renewals | Full call number | Barcode | Checked out | Date last seen | Date checked out | Cost, replacement price | Price effective from | Koha item type |
|---|---|---|---|---|---|---|---|---|---|---|---|---|---|---|---|---|---|---|---|---|---|
| Dewey Decimal Classification | Junior Graphic Novels | Wasatch County Library | Wasatch County Library | First Floor | 02/23/2024 | Amazon | #2 Warriors - Ravenpaw's Path | 14 | 8 | J GN Hunter | 34301002066613 | 05/01/2026 | 03/05/2026 | 03/05/2026 | 9.99 | 02/23/2024 | BOOK | ||||
| Dewey Decimal Classification | Junior Graphic Novels | Wasatch County Library | Wasatch County Library | First Floor | 06/18/2025 | KidsReference | #2 Ravenpaw's Path | 5 | 5 | J GN Hunter | 34301002158220 | 03/11/2026 | 01/13/2026 | 01/13/2026 | 25.95 | 06/18/2025 | BOOK |
